Movies Quiz

Random Movies or Clickable Quiz

Movie & Character Match II Quiz Stats

 Plays Quiz Updated Jul 31, 2012

Challenge
Share
Tweet
Embed
Score 0/30 Timer 06:00
4 Plays Today
% Correct
Back to the Future
91.9%
Meet the Parents
90.7%
The Wizard Of Oz
87.1%
Psycho
83.2%
The Silence of the Lambs
82.3%
Fight Club
68.4%
Scarface
68.1%
The Princess Bride
66.7%
Forrest Gump
63.8%
Die Hard
63.3%
Alien
63%
Reservoir Dogs
62.7%
Raging Bull
61.7%
Pulp Fiction
61.7%
The Shining
57.5%
% Correct
Fargo
53.3%
Se7en
53.1%
8 Mile
50%
Old School
50%
The Sixth Sense
49.2%
Apocalypse Now
48.2%
The Naked Gun
47.4%
Casablanca
45.3%
Escape from New York
44.6%
Gran Torino
43.4%
No Country for Old Men
42.7%
Blade Runner
35.3%
Inception
34.2%
The Green Mile
30.1%
Serenity
27.2%

You're not logged in!

Compare scores with friends on all Sporcle quizzes.
Join for Free
OR
Log In

You Might Also Like...

Show Comments

Extras

Top Quizzes Today


Score Distribution

Your Account Isn't Verified!

In order to create a playlist on Sporcle, you need to verify the email address you used during registration. Go to your Sporcle Settings to finish the process.

Report this User

Report this user for behavior that violates our Community Guidelines.

Details: